| 000 | 00690cam a22002051a 4500 | ||
|---|---|---|---|
| 001 | e 10002012 | ||
| 003 | DLC | ||
| 005 | 20260227111154.0 | ||
| 008 | 840227s1905 stk 000 0 eng | ||
| 010 | _ae 10002012 | ||
| 035 | _a(OCoLC)10461789 | ||
| 040 |
_aDLC _cCtHT _dCtHT _dDLC |
||
| 042 | _apremarc | ||
| 050 | 0 | 0 |
_aJX1963 _b.C363 |
| 100 | 1 |
_aCarnegie, Andrew, _d1835-1919. |
|
| 245 | 1 | 2 |
_aA rectorial address delivered to the students in the University of St. Andrews, 17th October, 1905 / _cby Andrew Carnegie. |
| 260 |
_aSt. Andrews : _bEditing Committee of the Students' Representative Council of St. Andrews University, _c1905. |
||
| 300 |
_a54 p. ; _c22 cm. |
||
| 650 | 0 | _aWar. | |
| 999 |
_c19080 _d19080 |
||